| 000 | 01017cam a22002653a 4500 | ||
|---|---|---|---|
| 001 | 22188 | ||
| 003 | PGUSA | ||
| 005 | 20140828083455.0 | ||
| 008 | 070731s2007||||xxu|||||s|||||000 | eng d | ||
| 040 |
_aPGUSA _beng |
||
| 042 | _adc | ||
| 050 | 4 | _aPA | |
| 100 | 1 | _aTerence | |
| 245 | 1 | 4 |
_aThe Comedies of Terence : _bLiterally Translated into English Prose, with Notes _h[electronic resource] / _cTerence |
| 260 |
_bProject Gutenberg, _c2007 |
||
| 505 | 0 | _aAndria; or, the Fair Andrian -- Eunuchus; or, the Eunuch -- Heautontimorumenos; or, the Self-Tormentor -- Adelphi; or, the Brothers -- Hecyra; the Mother-in-law -- Phormio; or, the Scheming Parasite. | |
| 506 | _aPublic domain in the USA. | ||
| 516 | _aElectronic text | ||
| 653 | _aTerence -- Translations into English | ||
| 653 | _aLatin drama (Comedy) -- Translations into English | ||
| 700 | 1 |
_aRiley, Henry T. _q(Henry Thomas), _d1816-1878 |
|
| 830 | 0 |
_aProject Gutenberg _v22188 |
|
| 856 | 4 | 0 | _uhttp://www.gutenberg.org/ebooks/22188 |
| 942 | _cEB | ||
| 999 |
_c251443 _d251443 |
||